000
00307nam a22001337a 4500
008
180917b xxu||||| |||| 00| 0 eng d
020
_a
9781451128345
041
_a
eng
080
_2
6 ED
_a
615
100
_a
5
101
_a
FAR
245
_a
Focus On Nursing Pharmacology
_c
KarchAM
942
_2
udc
_c
BK
999
_c
47839
_d
47839